000 00505nam a2200181Ia 4500
001 4021
003 IN-NITTTR
005 20251114232954.0
008 251113s9999||||xx |||||||||||||| ||eng||
040 _beng
040 _cIN-NITTTR
041 _aeng
082 _a378.17 M119T
100 _aMacKenzie, Norman
245 0 _aTeaching and learning :
_b an introduction to new methods and resources in higher education /
_cMacKenzie, Norman, Eraut, Michael
700 _a Eraut, Michael
942 _2ddc
_cBK
999 _c6482
_d6482